| 000 | 00719nam a2200241 i 4500 | ||
|---|---|---|---|
| 001 | 130552 | ||
| 003 | ES-MaACL | ||
| 005 | 20230906193753.0 | ||
| 007 | t| | ||
| 008 | 070731s1961 sp ||||1| spa d | ||
| 080 | _a616.12 | ||
| 100 | 1 |
_aZarco, Pedro. _9118061 |
|
| 245 | 1 | 0 |
_aExploración clínica del corazón / _cPedro Zarco ; en colaboración con Octavio Salmerón ; prólogo de J. Casas. |
| 250 | _a[1ª ed.]. | ||
| 260 |
_aMadrid : _bAlhambra, _c[1961] |
||
| 300 |
_a173 p. : _bil. ; _c25 cm. |
||
| 500 | _aGrab. intercal. | ||
| 650 | 1 | 4 |
_aCardiología. _910775 |
| 700 | 1 |
_aSalmerón, Octavio. _9101991 |
|
| 700 | 1 |
_aCasas, J. _9181915 |
|
| 852 |
_aES-MaACL _jC-20355 _bR.48198 |
||
| 999 |
_c130552 _d130552 |
||